| 000 | 00613nam a2200217Ia 4500 | ||
|---|---|---|---|
| 005 | 20250508165403.0 | ||
| 008 | 008 250505s9999 xx 000 0 eng d | ||
| 020 | _a978-81-87171-75-1 | ||
| 037 | _aTextual | ||
| 040 |
_aFEDL _beng _cFEDL |
||
| 041 |
_aeng _2eng |
||
| 084 |
_a370.19, APP _qFEDL |
||
| 100 | _aApple Michael W Ed. | ||
| 245 | 0 | _aDemocratic schools: Lessons from the chalk face | |
| 260 |
_aBhopal, India _bEklavya _c2006 |
||
| 300 | _aiv, 144p. | ||
| 365 |
_aINR _b1195 |
||
| 700 |
_a Beane James A Ed. _9780693 |
||
| 942 |
_cTEXL _h370.19, APP |
||
| 999 |
_c1394823 _d1394823 |
||